00463nam a2200145Ia 4500008004100000020001800041050002000059100002000079245007900099250001100178260003000189300002700219500004700246650002400293120721s9999 xx 000 0 und d a970-07-3504-4 aKB325 P546 2002 aPina, Rafael de aElementos de derecho civil mexicano : bienes - sucesiones / Rafael de Pina a18a ed aMéxico : Porrúa, 2002 a429 p. ; 23 cm. + 2 v. aEdición revisada por Rafael de Pina Vara a1. Derecho civilÌ